| 000 | 00859nam a2200241 a 4500 | ||
|---|---|---|---|
| 001 | BRCA_870 | ||
| 005 | 20190320203203.0 | ||
| 008 | 900720s1990 caua---##c---#000-0#eng-d | ||
| 020 | _a0877018456 | ||
| 040 |
_aDLC _cDLC _dDLC |
||
| 050 | 4 |
_aNK7198.S6 _b.C43 1990 |
|
| 100 | 1 |
_aCederwall, Sandraline _92898 |
|
| 245 | 1 | 0 |
_aSpratling Silver _cSandraline Cederwall and Hal Riney with Barnaby Conrad ; stamp chronology by Edward Forcum. |
| 260 |
_aSan Francisco _bChronicle Books _c1990 |
||
| 300 |
_a128 p. _bil. _c32 cm. |
||
| 500 | _a2do. ejemplar en el Área de Investigación | ||
| 504 | _aBibliografía: p. 127-128 | ||
| 600 | 1 | 4 |
_aSpratling, William _d1900-1967 _vExposiciones _92773 |
| 650 | 1 | 4 |
_aJoyería de plata _vExposiciones _xHistoria _ySiglo XX _zMéxico _92775 |
| 700 | 1 |
_aRiney, Hal _92899 |
|
| 700 | 1 |
_aConrad, Barnaby _d1922- _92900 |
|
| 942 |
_2lcc _cB |
||
| 999 |
_c765 _d765 |
||